000 00493nam a2200169 i 4500
001 79124
003 ES-MaACL
005 20230906173915.0
007 t|
008 041019s1934 xxk ||||1| eng d
100 1 _aHendel, Charles William.
_962511
245 1 0 _aJean Jacques Rousseau moralist /
_cby Charles William Hendel.
260 _aLondon :
_bOxford University Press,
_c1934.
300 _a2 v. ;
_c22 cm.
600 1 4 _aRousseau, Jean-Jacques.
_9100055
852 _aES-MaACL
_jA-2826-27
999 _c79124
_d79124